书目信息 |
| 题名: |
关于测量误差模型的统计推断研究
|
|
| 作者: | 刘强 著 | |
| 分册: | ||
| 出版信息: | 北京 首都经济贸易大学出版社 2011.6 |
|
| 页数: | 118页 | |
| 开本: | 23cm | |
| 丛书名: | 首都经济贸易大学统计学前沿文库 | |
| 单 册: | ||
| 中图分类: | P207 | |
| 科图分类: | ||
| 主题词: | 测量误差--模型--统计推断 | |
| 电子资源: | ||
| ISBN: | 978-7-5638-1921-8 | |
| 000 | 00992oam2 2200265 45 | |
| 001 | 516 | |
| 005 | 20120604093241.01 | |
| 010 | @a978-7-5638-1921-8@dCNY18.00 | |
| 100 | @a20120328d2011 em y0chiy50 ea | |
| 101 | 0 | @achi |
| 102 | @aCN@b110000 | |
| 105 | @aak z 000yy | |
| 106 | @ar | |
| 200 | 1 | @a关于测量误差模型的统计推断研究@AGuan Yu Ce Liang Wu Cha Mo Xing De Tong Ji Tui Duan Yan Jiu@f刘强著@FLiu Qiang Zhu |
| 210 | @a北京@c首都经济贸易大学出版社@d2011.6 | |
| 215 | @a118页@c图@d23cm | |
| 225 | 2 | @a首都经济贸易大学统计学前沿文库 |
| 300 | @a北京市教委特色专业建设资助项目 | |
| 330 | @a本书的结构安排如下:第1章是绪论,主要介绍了本书涉及的一些基本模型、基本方法和常见数据。第2-6章主要介绍作者近几年对测量误差模型估计理论与估计方法的一些研究成果。 | |
| 461 | 0 | @12001 @a首都经济贸易大学统计学前沿文库 |
| 606 | 0 | @a测量误差@x模型@x统计推断 |
| 690 | @aP207@v4 | |
| 701 | 0 | @a刘强@ALiu Qiang@f(1976-)@4著 |
| 801 | 0 | @aCN@bTSTCL@c20120328 |
| 905 | @b0813692-98@dP207@e187@f7 | |
| 关于测量误差模型的统计推断研究/刘强著.-北京:首都经济贸易大学出版社,2011.6 |
| 118页:图;23cm.-(首都经济贸易大学统计学前沿文库) |
| 北京市教委特色专业建设资助项目 |
| ISBN 978-7-5638-1921-8:CNY18.00 |
| 本书的结构安排如下:第1章是绪论,主要介绍了本书涉及的一些基本模型、基本方法和常见数据。第2-6章主要介绍作者近几年对测量误差模型估计理论与估计方法的一些研究成果。 |
| ● |
| 相关链接 |
|
|
|
|
正题名:关于测量误差模型的统计推断研究
索取号:P207/187
 
预约/预借
| 序号 | 登录号 | 条形码 | 馆藏地/架位号 | 状态 | 备注 |
| 1 | 0813692 | 208136925 | 第二样本阅览室/ [索取号:P207/187] | 在馆 | |
| 2 | 0813693 | 208136934 | 第三借阅区/ [索取号:P207/187] | 在馆 | |
| 3 | 0813694 | 208136943 | 第三借阅区/ [索取号:P207/187] | 在馆 | |
| 4 | 0813695 | 208136952 | 第三借阅区/ [索取号:P207/187] | 在馆 | |
| 5 | 0813696 | 208136961 | 第三借阅区/ [索取号:P207/187] | 在馆 | |
| 6 | 0813697 | 208136970 | 第三借阅区/ [索取号:P207/187] | 在馆 | |
| 7 | 0813698 | 208136989 | 第三借阅区/ [索取号:P207/187] | 在馆 |